Fußballer anhand von ihren Standards erkennen - Statistiken

Allgemein
  • Dieses Quiz wurde 237 mal gespielt
    208 seit der letzten Aktualisierung
  • Das Durchschnittsergebnis liegt bei 5 aus 8
Antwortstatistiken
Bildquiz Antwort % Korrekt
Cristiano Ronaldo
100%
Roberto Carlos
90%
Lionel Messi
85%
Trent Alexander Arnold
83%
David Beckham
59%
Neymar
57%
Roberto Baggio
34%
Ward Prowse
9%
Keine übereinstimmenden Quizze gefunden
Verteilung der Resultate
Anzahl Personen mit jedem Resultat
Perzentil nach korrekt beantworteten Fragen
Ihre Resultats-Entwicklung
Sie haben dieses Quiz seit der letzten Aktualisierung nicht gespielt